[Event "13. Sparkassen Open 2014 - Gruppe B"]
[Site "Forchheim"]
[Date "2014.10.05"]
[Round "5.33"]
[White "Rosenhain, Rachela"]
[Black "Delere, Adrian"]
[Result "1-0"]
[WhiteElo "1757"]
[BlackElo "1590"]
[PlyCount "42"]
[EventDate "2014.??.??"]

1. e4 e5 2. Nf3 Nc6 3. Bc4 Bc5 4. O-O Nf6 5. d4 Bxd4 6. Nxd4 Nxd4 7. Bg5 d6 8.
Nc3 h6 9. Bh4 g5 10. Bg3 Qe7 11. f4 Bd7 12. fxe5 dxe5 13. Bxf7+ Qxf7 14. Bxe5
Ne6 15. Bxf6 O-O 16. Nd5 Qe8 17. Be5 Rxf1+ 18. Qxf1 Qd8 19. Nf6+ Kf7 20. Nxd7+
Nf4 21. Bxf4 Qxd7 1-0

[Event "13. Sparkassen Open 2014 - Gruppe B"]
[Site "Forchheim"]
[Date "2014.10.05"]
[Round "5.34"]
[White "Roser, Ludwig"]
[Black "Heinkelmann, Josef"]
[Result "0-1"]
[WhiteElo "1837"]
[BlackElo "1853"]
[PlyCount "36"]
[EventDate "2014.??.??"]

1. d4 d5 2. Nf3 Nf6 3. e3 Bg4 4. c4 c6 5. Qb3 Qb6 6. Ne5 Bf5 7. Nd2 e6 8. c5
Qc7 9. Be2 Be7 10. O-O O-O 11. g4 Bg6 12. h4 h6 13. Nxg6 fxg6 14. Bd3 Nxg4 15.
f4 Nxe3 16. Nf3 Nf5 17. Bxf5 exf5 18. h5 gxh5 {
Notationsfehler. Sieg Schwarz im 75. Zug.} 0-1

[Event "13. Sparkassen Open 2014 - Gruppe B"]
[Site "Forchheim"]
[Date "2014.10.05"]
[Round "5.35"]
[White "Wolf, Pablo"]
[Black "Lober, Wolfgang"]
[Result "1/2-1/2"]
[WhiteElo "1635"]
[BlackElo "1711"]
[PlyCount "69"]
[EventDate "2014.??.??"]

1. e4 d5 2. exd5 Qxd5 3. d4 Nf6 4. Nc3 Qd8 5. Nf3 Bg4 6. Bc4 e6 7. h3 Bxf3 8.
Qxf3 c6 9. Be3 Nbd7 10. O-O Bd6 11. Ne4 Nxe4 12. Qxe4 Nf6 13. Qd3 O-O 14. c3
Nd5 15. Bb3 Rc8 16. Bc2 g6 17. Bh6 Re8 18. Qd2 Qh4 19. Rae1 Bf4 20. Bxf4 Nxf4
21. g3 Nxh3+ 22. Kg2 Nf4+ 23. Qxf4 Qxf4 24. gxf4 c5 25. dxc5 Rxc5 26. Re5 Rc7
27. f5 gxf5 28. Bxf5 Rd8 29. Bxh7+ Kxh7 30. Rg5 Kh6 31. f4 Rd2+ 32. Kg3 Rd3+
33. Kg2 Rd2+ 34. Rf2 Rcd7 35. Rb5 1/2-1/2

[Event "13. Sparkassen Open 2014 - Gruppe B"]
[Site "Forchheim"]
[Date "2014.10.05"]
[Round "5.36"]
[White "Thürauf, Peter"]
[Black "Braun, Kristin"]
[Result "1/2-1/2"]
[WhiteElo "1854"]
[BlackElo "1793"]
[PlyCount "54"]
[EventDate "2014.??.??"]

1. d4 Nf6 2. Nf3 g6 3. c4 Bg7 4. g3 d6 5. Bg2 O-O 6. O-O e6 7. Nc3 Nc6 8. e4 e5
9. Be3 Bd7 10. d5 Ne7 11. b4 Qc8 12. Re1 Nh5 13. Rc1 f5 14. Bg5 Nf6 15. c5 a6
16. cxd6 cxd6 17. Nb5 Qb8 18. Nc7 Ra7 19. Ne6 Bxe6 20. dxe6 fxe4 21. Bxf6 Rxf6
22. Rxe4 Rxe6 23. Rcc4 b5 24. Bh3 bxc4 25. Bxe6+ Kf8 26. Rxc4 d5 27. Rh4 h6
1/2-1/2

[Event "13. Sparkassen Open 2014 - Gruppe B"]
[Site "Forchheim"]
[Date "2014.10.05"]
[Round "5.37"]
[White "Winkelmeier, Alfred"]
[Black "Krenz, Hartmut"]
[Result "0-1"]
[WhiteElo "1744"]
[BlackElo "1547"]
[PlyCount "168"]
[EventDate "2014.??.??"]

1. e4 c5 2. Nc3 Nc6 3. f4 g6 4. Nf3 Bg7 5. Bb5 Nd4 6. O-O Nxb5 7. Nxb5 a6 8.
Nc3 d6 9. d3 e6 10. Qe1 Ne7 11. a3 O-O 12. Qh4 Nc6 13. Qh3 Nd4 14. Rf2 Bd7 15.
g4 b5 16. Be3 a5 17. Bxd4 cxd4 18. Ne2 e5 19. f5 g5 20. Ng3 f6 21. Raf1 Be8 22.
Qg2 h6 23. h4 Kf7 24. Qh3 Rh8 25. Nh5 Kg8 26. Nxg7 Kxg7 27. Rh2 Bf7 28. Kg2 Rc8
29. Kg3 b4 30. axb4 axb4 31. b3 Ra8 32. Rfh1 Rc8 33. Qg2 Qc7 34. Ne1 d5 35.
hxg5 hxg5 36. Rxh8 Rxh8 37. Rxh8 Kxh8 38. Qd2 Qc3 39. Qxc3 dxc3 40. exd5 Bxd5
41. Kf2 Kg7 42. Ke3 Kf7 43. Nf3 Ke7 44. Ng1 Bg2 45. Ne2 Bd5 46. Nc1 Kd6 47. Ne2
Kc5 48. Ng3 Kd6 49. d4 exd4+ 50. Kxd4 Bf7 51. Ne4+ Kc6 52. Nxf6 Bxb3 53. Kd3
Bf7 54. Ne4 b3 55. cxb3 Bxb3 56. Kxc3 Bd1 57. Nf2 Bf3 58. Kd4 Kd6 59. Ke3 Bd5
60. Nh3 Ke5 61. Nxg5 Kf6 62. Ne4+ Ke5 63. Nf2 Bc6 64. Nd3+ Kf6 65. Kf4 Be8 66.
g5+ Kg7 67. f6+ Kf7 68. Ne5+ Ke6 69. Ng4 Bg6 70. Nh6 Bh5 71. Ke4 Be8 72. Kf4
Bh5 73. Nf5 Bg6 74. Nd4+ Kd6 75. Nb5+ Ke6 76. Nc7+ Kd6 77. Nb5+ Ke6 78. Kg4 Kd5
79. Kf4 Ke6 80. Na3 Kd6 81. Nc4+ Ke6 82. Nd2 Kd5 83. Nf3 Ke6 84. Ne5 Bh5 0-1

[Event "13. Sparkassen Open 2014 - Gruppe B"]
[Site "Forchheim"]
[Date "2014.10.05"]
[Round "5.38"]
[White "Schulz, Horst"]
[Black "Wieczorek, Heinz"]
[Result "1/2-1/2"]
[WhiteElo "1728"]
[BlackElo "1825"]
[PlyCount "39"]
[EventDate "2014.??.??"]

1. d4 Nf6 2. f4 d5 3. Nf3 e6 4. e3 c5 5. c3 Nc6 6. Bd3 Bd7 7. Nbd2 a5 8. O-O a4
9. Ne5 c4 10. Bc2 a3 11. b4 cxb3 12. axb3 Qc7 13. b4 a2 14. Bb2 Ne7 15. Bb3 Nf5
16. Re1 Be7 17. Rxa2 Rxa2 18. Bxa2 O-O 19. Bb1 Nd6 20. Qf3 1/2-1/2

[Event "13. Sparkassen Open 2014 - Gruppe B"]
[Site "Forchheim"]
[Date "2014.10.05"]
[Round "5.39"]
[White "Krasotin, Valentin"]
[Black "Lehmann, Tornalf"]
[Result "1-0"]
[WhiteElo "1656"]
[BlackElo "1640"]
[PlyCount "47"]
[EventDate "2014.??.??"]

1. e4 Nf6 2. e5 Nd5 3. c4 Nb6 4. d4 d6 5. f4 Bf5 6. Nf3 dxe5 7. fxe5 e6 8. Bd3
Bb4+ 9. Nc3 Bg4 10. O-O Nc6 11. c5 Nxd4 12. cxb6 Nxf3+ 13. gxf3 Qd4+ 14. Kh1
Bxc3 15. bxc3 Qxc3 16. Qa4+ c6 17. Qxg4 Qxe5 18. Bf4 Qd4 19. Bc7 Qxd3 20. Qxg7
Rf8 21. Rad1 Qg6 22. Qd4 Ke7 23. Qc5+ Ke8 24. Qd6 1-0

[Event "13. Sparkassen Open 2014 - Gruppe B"]
[Site "Forchheim"]
[Date "2014.10.05"]
[Round "5.40"]
[White "Weidenhöfer, Robert"]
[Black "Jacob, Karl Heinz"]
[Result "0-1"]
[WhiteElo "1771"]
[BlackElo "1716"]
[PlyCount "86"]
[EventDate "2014.??.??"]

1. b3 e5 2. Bb2 Nc6 3. e3 Nf6 4. Bb5 d6 5. Bxc6+ bxc6 6. c4 g6 7. Ne2 Bg7 8.
O-O O-O 9. Nbc3 c5 10. e4 Nh5 11. d3 f5 12. exf5 Bxf5 13. Ne4 g5 14. Bc1 Nf4
15. N2g3 Bg6 16. f3 h5 17. Nh1 h4 18. Nhf2 Bh5 19. Kh1 Qe7 20. Nc3 c6 21. Ne2
e4 22. Nxf4 gxf4 23. Nxe4 Bxa1 24. Bxf4 Rxf4 25. Qxa1 d5 26. Nd2 Re8 27. Kg1
Qe3+ 28. Rf2 Qxd3 29. Qc1 Rf5 30. Nf1 Rfe5 31. Qh6 Qg6 32. Qd2 d4 33. Qa5 d3
34. a3 Re2 35. g4 Rxf2 36. Kxf2 Re2+ 37. Kg1 Qd6 38. gxh5 Qd4+ 39. Kh1 d2 40.
Qxa7 d1=Q 41. Qb8+ Qd8 42. Qg3+ hxg3 43. hxg3 Qxf1# 0-1

[Event "13. Sparkassen Open 2014 - Gruppe B"]
[Site "Forchheim"]
[Date "2014.10.05"]
[Round "5.41"]
[White "Ott, Hans"]
[Black "Weber, Alexander"]
[Result "0-1"]
[WhiteElo "1597"]
[BlackElo "1700"]
[PlyCount "54"]
[EventDate "2014.??.??"]

1. e4 Nc6 2. Nf3 e5 3. Bb5 a6 4. Ba4 Bc5 5. O-O b5 6. Bb3 Nf6 7. c3 Nxe4 8. d4
exd4 9. cxd4 Be7 10. d5 Na5 11. Bc2 Nf6 12. Re1 O-O 13. a3 Bb7 14. Nc3 Re8 15.
Qd3 g6 16. b3 Bf8 17. Bg5 Bg7 18. Rxe8+ Qxe8 19. Re1 Qf8 20. Qd2 Qxa3 21. Nb1
Qb2 22. Nc3 Nxb3 23. Qd3 Nc5 24. Qd2 Ne8 25. Nd1 Qa2 26. Nc3 Qa5 27. Qe3 Bxc3
0-1

[Event "13. Sparkassen Open 2014 - Gruppe B"]
[Site "Forchheim"]
[Date "2014.10.05"]
[Round "5.42"]
[White "Reichel, Günther"]
[Black "Novak, Josua"]
[Result "0-1"]
[WhiteElo "1742"]
[BlackElo "1937"]
[PlyCount "40"]
[EventDate "2014.??.??"]

1. b3 e5 2. Bb2 Nc6 3. c4 Nf6 4. Nc3 d5 5. cxd5 Nxd5 6. a3 Be6 7. e3 Bd6 8. Bb5
Nxc3 9. Bxc6+ bxc6 10. Bxc3 O-O 11. Nf3 Bg4 12. h3 Bh5 13. g4 Bg6 14. O-O Qe7
15. Qc1 f5 16. Nh2 Qh4 17. Kg2 fxg4 18. Nxg4 Bd3 19. Bxe5 Bxe5 20. Nxe5 Qe4+
0-1

[Event "13. Sparkassen Open 2014 - Gruppe B"]
[Site "Forchheim"]
[Date "2014.10.05"]
[Round "5.43"]
[White "Pribylova, Sofie"]
[Black "Walter, Manfred"]
[Result "1-0"]
[WhiteElo "1775"]
[BlackElo "1753"]
[PlyCount "30"]
[EventDate "2014.??.??"]

1. d4 d6 2. e4 Nf6 3. Nc3 e5 4. Nf3 Nbd7 5. g3 Be7 6. Bg2 O-O 7. h3 c6 8. Be3
Qc7 9. Qd2 b5 10. a3 Nb6 11. O-O-O a5 12. dxe5 Nc4 13. exd6 Bxd6 14. Qd3 Ba6
15. e5 Nxe5 1-0

[Event "13. Sparkassen Open 2014 - Gruppe B"]
[Site "Forchheim"]
[Date "2014.10.05"]
[Round "5.44"]
[White "Babichev, Vyacheslav"]
[Black "Kornitzky, Tino"]
[Result "0-1"]
[WhiteElo "1852"]
[BlackElo "1551"]
[PlyCount "54"]
[EventDate "2014.??.??"]

1. b3 e5 2. Bb2 Nc6 3. e3 Nf6 4. Bb5 d6 5. h3 Bf5 6. Nf3 Qd7 7. c4 Be7 8. d4 e4
9. Nh4 d5 10. Nxf5 Qxf5 11. c5 O-O 12. Nd2 Qg6 13. O-O Nd7 14. Bc3 f5 15. f4
Rf6 16. Kh2 Re6 17. Rg1 Nf6 18. Be2 Ng4+ 19. Bxg4 fxg4 20. Qxg4 Qxg4 21. g3 Rh6
22. Rg2 Rxh3+ 23. Kg1 Rxg3 24. Rxg3 Qxg3+ 25. Kh1 Rf8 26. Nf1 Qf3+ 27. Kg1 Rf6
0-1

[Event "13. Sparkassen Open 2014 - Gruppe B"]
[Site "Forchheim"]
[Date "2014.10.05"]
[Round "5.45"]
[White "Tschammer, Kai"]
[Black "Walch, Roger"]
[Result "0-1"]
[WhiteElo "1668"]
[BlackElo "1740"]
[PlyCount "52"]
[EventDate "2014.??.??"]

1. e4 e6 2. d4 d5 3. Nc3 Nf6 4. Bg5 Be7 5. e5 Nfd7 6. h4 a6 7. Bxe7 Qxe7 8. Nf3
Nc6 9. a3 f6 10. exf6 Qxf6 11. Bd3 Nf8 12. Qd2 Bd7 13. Ne2 O-O-O 14. b4 e5 15.
b5 axb5 16. Bxb5 e4 17. Nfg1 Ne6 18. c3 Rhf8 19. Ng3 Nf4 20. Rh2 Bg4 21. Rb1
Na5 22. Rb4 c5 23. Ra4 Qb6 24. Rxa5 Qxa5 25. Qb2 c4 26. Qd2 Nd3+ 0-1

[Event "13. Sparkassen Open 2014 - Gruppe B"]
[Site "Forchheim"]
[Date "2014.10.05"]
[Round "5.46"]
[White "Halfmann, Peter"]
[Black "Flüchter, Markus"]
[Result "0-1"]
[WhiteElo "1862"]
[BlackElo "1674"]
[PlyCount "68"]
[EventDate "2014.??.??"]

1. d4 d5 2. Nf3 Nf6 3. Bg5 Ne4 4. Bh4 c5 5. e3 Qb6 6. Qc1 g5 7. Bg3 g4 8. dxc5
Qxc5 9. Nd4 Nc6 10. c3 Nxg3 11. hxg3 e5 12. Nb3 Qb6 13. Qc2 h5 14. N1d2 Bg7 15.
O-O-O Be6 16. Kb1 Rc8 17. Bd3 Nb4 18. cxb4 Rxc2 19. Bxc2 Qxb4 20. Bd3 a5 21. a3
Qb6 22. a4 Bd7 23. Bb5 Bxb5 24. axb5 Qxb5 25. f3 a4 26. Nc1 e4 27. b3 Ke7 28.
fxg4 hxg4 29. Rxh8 Bxh8 30. Rh1 Bc3 31. Kc2 Bxd2 32. Kxd2 axb3 33. Ne2 Qb4+ 34.
Nc3 d4 0-1

[Event "13. Sparkassen Open 2014 - Gruppe B"]
[Site "Forchheim"]
[Date "2014.10.05"]
[Round "5.47"]
[White "Krammer, Werner"]
[Black "Paeslack, Luis"]
[Result "0-1"]
[WhiteElo "1529"]
[BlackElo "1815"]
[PlyCount "68"]
[EventDate "2014.??.??"]

1. e4 d5 2. exd5 Qxd5 3. Nc3 Qd6 4. d4 Nf6 5. Be2 a6 6. Nf3 e6 7. h3 Be7 8. Be3
Nc6 9. a3 O-O 10. O-O h6 11. Qd3 Rd8 12. Rfd1 b5 13. Ne4 Nxe4 14. Qxe4 Qd5 15.
Bd3 f5 16. Qxd5 exd5 17. Ne5 Nxe5 18. dxe5 Be6 19. c3 c5 20. Be2 g5 21. g3 Rd7
22. Rd2 Rf8 23. f4 Kh8 24. Kg2 gxf4 25. gxf4 Rg8+ 26. Kh2 Bh4 27. Rg1 Rxg1 28.
Kxg1 Rg7+ 29. Kh2 Bg3+ 30. Kh1 d4 31. cxd4 Bd5+ 32. Kg1 Be1+ 33. Kf1 Bxd2 34.
Bxd2 cxd4 0-1

[Event "13. Sparkassen Open 2014 - Gruppe B"]
[Site "Forchheim"]
[Date "2014.10.05"]
[Round "5.49"]
[White "Dreiseitel, Werner"]
[Black "Unkelbach, Manfred"]
[Result "0-1"]
[WhiteElo "1557"]
[BlackElo "1926"]
[PlyCount "74"]
[EventDate "2014.??.??"]

1. d4 d5 2. c4 e6 3. Nc3 Nf6 4. Bg5 Be7 5. e3 c6 6. Nf3 h6 7. Bf4 Nbd7 8. Be2
Bb4 9. O-O Bxc3 10. bxc3 Ne4 11. Qc2 O-O 12. cxd5 exd5 13. c4 Nef6 14. c5 Ne4
15. a4 Qa5 16. Rfd1 Ndf6 17. Rdc1 Re8 18. h3 Re7 19. Qb2 Bf5 20. Ne5 Rd8 21.
Nd3 Bc8 22. Qb4 Qxb4 23. Nxb4 g5 24. Be5 Nd7 25. Bh2 f5 26. Bh5 Ndf6 27. Bf3
Nd2 28. Be2 Nb3 29. Be5 Rf7 30. Bd1 Nxa1 31. Rxa1 Kh7 32. a5 a6 33. Rb1 Kg6 34.
Nd3 Ne4 35. Bb8 Re7 36. Be5 h5 37. Kf1 Nd2+ 0-1

[Event "13. Sparkassen Open 2014 - Gruppe B"]
[Site "Forchheim"]
[Date "2014.10.05"]
[Round "5.50"]
[White "Gheng, Christian"]
[Black "Nagy, Laszlo"]
[Result "1-0"]
[WhiteElo "1639"]
[BlackElo "1966"]
[PlyCount "54"]
[EventDate "2014.??.??"]

1. e4 c5 2. Nf3 d6 3. d4 cxd4 4. Nxd4 Nf6 5. Nc3 a6 6. Bc4 e6 7. Be3 Be7 8. f3
O-O 9. Qd2 Qc7 10. Bb3 b5 11. g4 b4 12. Nce2 a5 13. Nb5 Qd8 14. a4 bxa3 15.
Nxa3 a4 16. Ba2 Nc6 17. g5 Nh5 18. Ng3 Ne5 19. Qg2 Nxg3 20. hxg3 g6 21. f4 Ng4
22. Qh3 h5 23. Bd4 Bb7 24. Qxg4 e5 25. Rxh5 exd4 26. Rh6 Bxe4 27. Qh4 Bf6 1-0

[Event "13. Sparkassen Open 2014 - Gruppe B"]
[Site "Forchheim"]
[Date "2014.10.05"]
[Round "5.51"]
[White "Fritsch, Julian"]
[Black "Pribyl, Viktor"]
[Result "1/2-1/2"]
[WhiteElo "1516"]
[BlackElo "1544"]
[PlyCount "104"]
[EventDate "2014.??.??"]

1. d4 Nf6 2. c4 g6 3. Nc3 d5 4. e3 Bg7 5. Nf3 O-O 6. g3 b6 7. Bg2 Bb7 8. cxd5
Nxd5 9. Nxd5 Bxd5 10. O-O Nd7 11. b3 c5 12. Bb2 Rc8 13. Qd2 Nf6 14. Rad1 Ne4
15. Qd3 Nf6 16. dxc5 bxc5 17. Bxf6 Bxf3 18. Qxd8 Rfxd8 19. Rxd8+ Rxd8 20. Bxe7
Bxg2 21. Kxg2 Rd2 22. a4 Bf8 23. Bxf8 Kxf8 24. Rc1 Rd5 25. Rc4 Ke7 26. e4 Rd4
27. Rxc5 Rxe4 28. Rc7+ Ke6 29. Rxa7 Rb4 30. Ra6+ Ke7 31. Ra7+ Ke6 32. a5 Rxb3
33. a6 Ra3 34. Ra8 Ke7 35. a7 Kf6 36. Rh8 Rxa7 37. Rxh7 Ra5 38. Rh4 Re5 39.
Rf4+ Kg7 40. h4 f6 41. Rd4 f5 42. Kf3 Kf6 43. Kf4 Re2 44. f3 Rf2 45. Ke3 Rh2
46. Rd2 Rh3 47. Kf4 Ke7 48. Rg2 Kf6 49. Ke3 Rh1 50. Kf2 Ke5 51. Rg1 Rh2+ 52.
Rg2 Rh1 1/2-1/2

[Event "13. Sparkassen Open 2014 - Gruppe B"]
[Site "Forchheim"]
[Date "2014.10.04"]
[Round "3.21"]
[White "Langer, Simon"]
[Black "Hummel, Thomas"]
[Result "0-1"]
[WhiteElo "1864"]
[BlackElo "1871"]
[PlyCount "88"]
[EventDate "2014.??.??"]

1. e4 g6 2. d4 Bg7 3. f4 d6 4. Nf3 Nf6 5. Bd3 O-O 6. O-O Bg4 7. h3 Bxf3 8. Qxf3
c6 9. c4 Qb6 10. Be3 Qxb2 11. Nd2 Qb6 12. Rab1 Qc7 13. Rb3 Nbd7 14. Rfb1 b6 15.
e5 Ne8 16. Ne4 e6 17. d5 exd5 18. cxd5 c5 19. e6 fxe6 20. dxe6 Ne5 21. Qg3 Nxd3
22. Rxd3 Qe7 23. Qg4 Nf6 24. Nxf6+ Rxf6 25. f5 Rxf5 26. Bf4 Bd4+ 27. Be3 Be5
28. Qe4 Re8 29. g4 Qxe6 30. Kg2 Rf7 31. Rbd1 Qxa2+ 32. R1d2 Qe6 33. Qa4 Ref8
34. Bh6 Qf6 35. Qd1 Rd8 36. Re2 Qe7 37. Qd2 Qb7+ 38. Kg1 Bd4+ 39. Be3 Rdf8 40.
Bxd4 Rf1+ 41. Kh2 cxd4 42. Rxd4 Qh1+ 43. Kg3 R1f3+ 44. Kh4 Qxh3+ 0-1

[Event "13. Sparkassen Open 2014 - Gruppe B"]
[Site "Forchheim"]
[Date "2014.10.04"]
[Round "4.29"]
[White "Krenz, Hartmut"]
[Black "Siegl, Adrian"]
[Result "0-1"]
[WhiteElo "1547"]
[BlackElo "1779"]
[PlyCount "42"]
[EventDate "2014.??.??"]

1. d4 d5 2. Nf3 c6 3. Bf4 e6 4. c3 f5 5. e3 Nf6 6. Ne5 Bd6 7. Be2 O-O 8. Nd2
Nbd7 9. g4 Qc7 10. g5 Ne4 11. Nxd7 Bxd7 12. Bxd6 Qxd6 13. Nxe4 fxe4 14. f3 exf3
15. Bxf3 e5 16. Qe2 exd4 17. cxd4 Qb4+ 18. Kf2 Bg4 19. Qe1 Rxf3+ 20. Kg1 Qxe1+
21. Rxe1 Bh3 0-1